Sophie Turner Filmography - Statistics

General Stats
  • This quiz has been taken 29 times
    3 since last reset
  • The average score is 2 of 38
Answer Stats
Type Year Name % Correct
TV Show 2011-2019 Game of Thrones
100%
Music Video 2019 Sucker
50%
Film 2013 Another Me
0%
Film 2015 Barely Lethal
0%
Film 2022 Broken Soldier
0%
Web Series 2017 Carpool Karaoke
0%
Documentary 2019 Chasing Happiness
0%
Audiobook 2014 City of Heavenly Fire
0%
Film TBA Cloud One
0%
Film 2019 Dark Phoenix
0%
Film 2022 Do Revenge
0%
TV Show 2019 Dr. Phil
0%
TV Documentary 2019 Game of Thrones: The Last Watch
0%
TV Special 2020 Global Goal: Unite for Our Future
0%
Documentary 2020 Happiness Continues
0%
Film 2019 Heavy
0%
Web Mini-Series 2020 Home Movie: The Princess Bride
0%
Web Mini-Series 2024 Joan
0%
Web Special 2021 Jonas Brothers Family Roast
0%
Film 2018 Josie
0%
Commercial 2019 Louis Vuitton
0%
Music Video 2014 Oblivion
0%
TV Show 2013 Portrait Artist of the Year
0%
Documentary Series 2016 #Powershift
0%
Web Series 2026 Steal
0%
Web Series 2022 StoryBots: Answer Time
0%
Web Series 2020 Survive
0%
Film 2022 Survive
0%
Film 2026 The Dreadful
0%
Audiobook 2013 The Girl in the Mirror
0%
Web Series 2021 The Prince
0%
Web Series 2022 The Staircase
0%
TV Film 2013 The Thirteenth Tale
0%
Film 2018 Time Freak
0%
Web Series TBA Tomb Raider
0%
Film 2025 Trust
0%
Music Video 2020 What a Man Gotta Do
0%
Film 2016 X-Men: Apocalypse
0%
No matching quizzes found
Score Distribution
Percent of People with Each Score
Percentile by Number Answered
Your Score History
You have not taken this quiz since the last reset